The Eternal Challenge (Record no. 614464)
[ view plain ]
| 000 -LEADER | |
|---|---|
| fixed length control field | 00310nam a22001217a 4500 |
| 020 ## - INTERNATIONAL STANDARD BOOK NUMBER | |
| International Standard Book Number | 978-1-910952-00-9 |
| 040 ## - CATALOGING SOURCE | |
| Transcribing agency | OneReason |
| 082 ## - DEWEY DECIMAL CLASSIFICATION NUMBER | |
| Classification number | 297.122 T3741 Z |
| 100 ## - MAIN ENTRY--PERSONAL NAME | |
| Personal name | Abu Zakariya |
| 9 (RLIN) | 130122 |
| 245 ## - TITLE STATEMENT | |
| Title | The Eternal Challenge |
| Remainder of title | A Journey Through The Miraculous Quran |
| 300 ## - PHYSICAL DESCRIPTION | |
| Extent | 161p. |
| 942 ## - ADDED ENTRY ELEMENTS (KOHA) | |
| Source of classification or shelving scheme | |
| Koha item type | Book |
| Withdrawn status | Lost status | Source of classification or shelving scheme | Damaged status | Not for loan | Permanent Location | Current Location | Date acquired | Total Checkouts | Full call number | Barcode | Date last seen | Price effective from | Koha item type |
|---|---|---|---|---|---|---|---|---|---|---|---|---|---|
| School of Chemical & Materials Engineering (SCME) | School of Chemical & Materials Engineering (SCME) | 07/24/2025 | 297.122 T3741 Z | SCME-D285 | 07/24/2025 | 07/24/2025 | Book |
